เปลี่ยนเป็นภาษาไทย

Change to English
 แสดงรายละเอียดบรรณานุกรม
  กลับหน้าหลัก

Brief Record : Get Marc (ISO 2709) : E-mail record : QR code กลับ
E-books : เกี่ยวกับ Collections
LEADER 00000nam 2200000uu 4500
001    13399128810
003     BCNR
008    199091s2568 th a b 000 0 tha d
020    ^a9786166210521
041    ^atha
060 04 ^aWA105^bท444ว 2568
100 0  ^aทิตยาวดี อินทรางกูร
245 00 ^aวิทยาการระบาดทางการพยาบาล :^bทฤษฎีและการประยุกต์ใช้ /^cทิตยาวดี อินทรางกูร
250    ^aพิมพ์ครั้งที่ 1
260    ^aกรุงเทพฯ :^bศูนย์หนังสือแห่งจุฬาลงกรณ์มหาวิทยาลัย,^c2568
300    ^a311 หน้า :^bภาพประกอบ, ตาราง ;^c26 ซม.
505 0  ^aบทที่ 1 บทนำสู่วิทยาการระบาด -- บทที่ 2 ธรรมชาติของการเกิดโรค -- บทที่ 3 วิทยาการระบาดของโรคติดต่อและโรคติดต่ออุบัติใหม่ -- บทที่ 4 วิทยาการระบาดโรคไม่ติดต่อหรือโรคไม่ติดต่อเรื้อรัง -- บทที่ 5 วิทยาการระบาดของโรคจากการประกอบอาชีพและอนามัยสิ่งแวดล้อม -- บทที่ 6 ดัชนีอนามัยและสถิติชีพ -- บทที่ 7 การศึกษาทางวิทยาการระบาดและวิทยาการระบาดเชิงพรรณนา -- บทที่ 8 การศึกษาวิทยาการระบาดเชิงวิเคราะห์ -- บทที่ 9 การศึกษาวิทยาการระบาดเชิงทดลอง -- บทที่ 10 การเฝ้าระวังโรคทางวิทยาการระบาด -- บทที่ 11 การสอบสวนทางวิทยาการระบาด -- บทที่ 12 การป้องกันโรคและควบคุมโรคทางวิทยาการระบาด -- บทที่ 13 การนำวิทยาการระบาดมาใช้ในงานการพยาบาลชุมชน
650  2 ^aEpidemiology
650  4 ^aการพยาบาล
650  4 ^aระบาดวิทยา
650  2 ^aNursing
650  4 ^aระบาดทางการพยาบาล
999    ^aบรรณารักษ์
รายการนี้ยังไม่มีแท็ก
คุณยังไม่ได้ล็อกอิน คุณสามารถมีกิจกรรมร่วมกับเว็บไซต์ได้ แต่ต้องล็อกอินก่อน ::
  ล็อกอิน
ลำดับที่ ประเภท เลขเรียก/บาร์โค้ด สถานที่ สถานะ
1. หนังสือ
หนังสือ
WA105 ท444ว 2568 c.1 
  Barcode: 087987
ห้องสมุดสาขาหลัก
►หนังสือทั่วไป
On Shelf
2. หนังสือ
หนังสือ
WA105 ท444ว 2568 c.2 
  Barcode: 087988
ห้องสมุดสาขาหลัก
►หนังสือทั่วไป
On Shelf
3. หนังสือ
หนังสือ
WA105 ท444ว 2568 c.3 
  Barcode: 087989
ห้องสมุดสาขาหลัก
►หนังสือทั่วไป
On Shelf
4. หนังสือ
หนังสือ
WA105 ท444ว 2568 c.4 
  Barcode: 087990
ห้องสมุดสาขาหลัก
►หนังสือทั่วไป
On Shelf
5. หนังสือ
หนังสือ
WA105 ท444ว 2568 c.5 
  Barcode: 087991
ห้องสมุดสาขาหลัก
►หนังสือทั่วไป
On Shelf
   [แสดง 5/5 รายการ]

รายการใกล้เคียง
    ผู้แต่ง [ทิตยาวดี อินทรางกูร]

    หัวเรื่อง [Epidemiology]
    หัวเรื่อง [การพยาบาล]
    หัวเรื่อง [ระบาดวิทยา]
    หัวเรื่อง [Nursing]

BibComment


ยังไม่เคยถูกคอมเมนท์

คอมเมนท์ทรัพยากรรายการนี้
  คอมเมนท์: วิทยาการระบาดทาง..
Bib 13399128810

 
 
 

 Union Library Management : ULibM
Copyright 2026. All Rights Reserved.